000 00831nam a2200265 a 4500
001 13472
003 BD-RjUL
005 20211208235447.0
008 140201t1961 nyua 001 0 eng
035 _a(BD-RjUL)13523
040 _aDLC
_cDLC
_beng
_dBD-RjUL
041 _aeng
082 0 _a621.3815
_223
_bLIT 1961
100 1 _aLinvill, John G.
_942018
245 1 0 _aTransistors and active circuits /
_cby John G. Linvill [and] James F. Gibbons.
260 _aNew York :
_bMcGraw-Hill,
_cc1961.
300 _a515 p. :
_bill. ;
_c24 cm.
504 _aIncludes index.
650 0 _aTransistors.
_942019
650 0 _aTransistor circuits.
_939274
700 1 _aGibbons, James F.,
_ejoint author.
_942020
942 _2ddc
_cBK
999 _c13472
_d13472